00485nam a22001577a 450000500170000000800410001702000180005804100130007608200150008910000130010424500860011725000200020326000540022330000240027765000260030120231214090211.0231214b |||||||| |||| 00| 0 eng d a9781485137801 aEnglish  a342.9 ENV  lEnglish  aEnvironmental Law and Local Government in South Africa / cedited by A du Plessis aSecond Edition  aCape Town : bJuta and Company (Pty) Ltd, c2021  blxxxviii, c25 cm.  aLegal practice bLaw